Central Library OPAC University of Rajshahi

Financial institutions : (Record no. 3208)

MARC details
000 -LEADER
fixed length control field 00519nam a22001937a 4500
001 - CONTROL NUMBER
control field 3208
003 - CONTROL NUMBER IDENTIFIER
rucl marc code BD-RjUL
005 - DATE AND TIME OF LATEST TRANSACTION
control field 20211208233708.0
008 - FIXED-LENGTH DATA ELEMENTS--GENERAL INFORMATION
fixed length control field 131218s1980 uk ||||| |||| 00| 0 eng d
035 ## - SYSTEM CONTROL NUMBER
System control number (BD-RjUL)
040 ## - CATALOGING SOURCE
Original cataloging agency BD-RjUL
Language of cataloging eng
Transcribing agency BD-RjUL
041 ## - LANGUAGE CODE
Language code of text/sound track or separate title eng
082 ## - DEWEY DECIMAL CLASSIFICATION NUMBER
Edition number 21
Classification number 658.155
Author mark and year EDF
100 ## - MAIN ENTRY--PERSONAL NAME
Personal name Edmister, Robert O
9 (RLIN) 10148
245 ## - TITLE STATEMENT
Title Financial institutions :
Remainder of title markets and management/
260 ## - PUBLICATION, DISTRIBUTION, ETC. (IMPRINT)
Place of publication, distribution, etc. New York :
Name of publisher, distributor, etc. McGraw-Hill,
Date of publication, distribution, etc. ©1980.
300 ## - PHYSICAL DESCRIPTION
Pagination xx, 533 p. :
Illustrations ill. ;
Size 24 cm.
942 ## - ADDED ENTRY ELEMENTS (KOHA)
Source of classification or shelving scheme Dewey Decimal Classification
Koha item type Books
Holdings
Lost status Source of classification or shelving scheme Damaged status Not for loan Collection code Permanent Location Current Location Shelving location Date acquired Source of acquisition Cost, normal purchase price Total Checkouts Full call number Date last seen Copy number Koha item type
  Dewey Decimal Classification     Non-fiction Central Library, University of Rajshahi Central Library, University of Rajshahi   02/08/1988 Manin 10.95   658.155 EDF 1986 18/12/2013 C-3 Books
  Dewey Decimal Classification   Not For Loan Non-fiction Central Library, University of Rajshahi Central Library, University of Rajshahi Reading Room 24/05/1983 Heffer 19.25   658.155 EDF 1980 18/12/2013 C-1 Books